Métodos cuantitativos en administración /
Guardado en:
| Autor Principal: | |
|---|---|
| Otros Autores: | |
| Formato: | Libro |
| Idioma: | Spanish English |
| Publicado: |
México :
Limusa,
c1982.
|
| Edición: | 1a. ed. |
| Materias: | |
| Etiquetas: |
Agregar Etiqueta
Sin Etiquetas, Sea el primero en etiquetar este registro!
|
| LEADER | 00835nam a22002415 4500 | ||
|---|---|---|---|
| 001 | EAD.ead003201 | ||
| 008 | 080718s1982####mx#######b####001#0#spa#d | ||
| 005 | 20190628130413.0 | ||
| 245 | 1 | 0 | |a Métodos cuantitativos en administración / |c Kenneth C. Schneider, C. Randall Byers. |
| 250 | |a 1a. ed. | ||
| 260 | |a México : |b Limusa, |c c1982. | ||
| 300 | |a 325 p. ; |c 26 cm. | ||
| 500 | |a Traducción de: Quantitative management. | ||
| 504 | |a Incluye referencias bibñiográficas e índice. | ||
| 020 | |a 9681814819 | ||
| 100 | 1 | |a Schneider, Kenneth C., |d 1948- | |
| 700 | 1 | |a Byers, C. Randall., |d 1945- | |
| 082 | 0 | 4 | |a 658.4034 |2 21 |
| 653 | |a Métodos cuantitativos | ||
| 650 | 7 | |a Toma de decisiones. |2 unbist | |
| 650 | 7 | |a Programación lineal. |2 unbist | |
| 041 | 1 | |a spa |h eng | |
| 859 | |a AR-BaBDC |b BIB. ADMINISTRACION - Libros |h 658.4034 |i Sch57 |p b02063 | ||
